هذا فهرست كتاب الكليات / Hādhā fihrist Kitāb al-Kulliyāt

محفوظ في:

المؤلف الرئيسي: al-ʻallāmah Abī al-baqāʼ al-Ḥusaynī al-Kaffawī al-Ḥanafī.

التنسيق: كتاب

اللغة: Undetermined

منشور في: Cairo al-Maṭbaʻah al-ʻĀmirah 1861-1862

الوسوم: إضافة وسم

لا توجد وسوم, كن أول من يضع وسما على هذه التسجيلة!

رقم الطلب: (R)P10 KAFA

LEADER 00499nam a2200121Ia 4500
008 240404s9999||||xx |||||||||||||| ||und||
050 4 |a (R)P10 KAFA 
100 1 |a al-ʻallāmah Abī al-baqāʼ al-Ḥusaynī al-Kaffawī al-Ḥanafī. 
245 1 0 |a هذا فهرست كتاب الكليات / Hādhā fihrist Kitāb al-Kulliyāt   |c al-ʻallāmah Abī al-baqāʼ al-Ḥusaynī al-Kaffawī al-Ḥanafī 
264 1 |a Cairo  |b al-Maṭbaʻah al-ʻĀmirah  |c 1861-1862 
300 |a 781  |c 27 
942 |2 lcc  |c BK 
999 |c 58008  |d 58008